Risultati Serie A 2023-2024 - 18ª giornata - Statistics

Statistiche generali
  • Questo quiz è stato fatto 6 volte
  • Il punteggio medio è 4 su 10
Statistiche sulle risposte
Hint Risposta % Corretto
Juventus-Roma 1-0
100%
Genoa-Inter 1-1
67%
Lazio-Frosinone 3-1
67%
Atalanta-Lecce 1-0
50%
Verona-Salernitana 0-1
33%
Cagliari-Empoli 0-0
17%
Napoli-Monza 0-0
17%
Fiorentina-Torino 1-0
17%
Milan-Sassuolo 1-0
17%
Udinese-Bologna 3-0
17%
Nessun quiz corrispondente trovato
Distribuzione punteggi
Percentuale di utenti per punteggio
Percentile per numero di risposta
I tuoi punteggi nel tempo
Non hai fatto questo quiz